Die Zustandshaftung und die grundgesetzliche Eigentumsgarantie

Enregistré dans:  
Détails bibliographiques
Auteur principal: Papier, Hans-Jürgen 1943- (Auteur)
Type de support: Imprimé Article
Langue:Allemand
Vérifier la disponibilité: HBZ Gateway
Interlibrary Loan:Interlibrary Loan for the Fachinformationsdienste (Specialized Information Services in Germany)
Publié: 2001
Dans: Staat, Kirche, Verwaltung
Année: 2001, Pages: 255-267
Sujets / Chaînes de mots-clés standardisés:B Deutschland (bateau, 1866-1875) / Zustandshaftung / Garantie de la propriété
Classifications IxTheo:KBB Espace germanophone
XA Droit
Sujets non-standardisés:B Propriété
B Deutschland (bateau, 1866-1875)

MARC

LEADER 00000caa a2200000 c 4500
001 1161641904
003 DE-627
005 20240620173136.0
007 tu
008 010605s2001 xx ||||| 00| ||ger c
020 |a 9783406477553 
035 |a (DE-627)1161641904 
035 |a (DE-576)09164190X 
035 |a (DE-599)BSZ09164190X 
040 |a DE-627  |b ger  |c DE-627  |e rakwb 
041 |a ger 
084 |a 1  |2 ssgn 
100 1 |0 (DE-588)120095122  |0 (DE-627)080442811  |0 (DE-576)162480881  |4 aut  |a Papier, Hans-Jürgen  |d 1943- 
109 |a Papier, Hans-Jürgen 1943-  |a Papir, Ch.-Ju. 1943-  |a Papier, Hans Jürgen 1943- 
245 1 4 |a Die Zustandshaftung und die grundgesetzliche Eigentumsgarantie  |c Hans-Jürgen Papier 
264 1 |c 2001 
336 |a Text  |b txt  |2 rdacontent 
337 |a ohne Hilfsmittel zu benutzen  |b n  |2 rdamedia 
338 |a Band  |b nc  |2 rdacarrier 
650 0 7 |0 (DE-588)4013793-4  |0 (DE-627)106341901  |0 (DE-576)208905618  |a Eigentum  |2 gnd 
651 7 |0 (DE-588)4011882-4  |0 (DE-627)104704861  |0 (DE-576)208896155  |a Deutschland  |2 gnd 
652 |a KBB:XA 
689 0 0 |d g  |0 (DE-588)4011882-4  |0 (DE-627)104704861  |0 (DE-576)208896155  |2 gnd  |a Deutschland 
689 0 1 |d s  |0 (DE-588)4191171-4  |0 (DE-627)104825154  |0 (DE-576)210071702  |2 gnd  |a Zustandshaftung 
689 0 2 |d s  |0 (DE-588)4113388-2  |0 (DE-627)10582982X  |0 (DE-576)209476060  |2 gnd  |a Eigentumsgarantie 
689 0 |5 (DE-627) 
773 0 8 |i In  |t Staat, Kirche, Verwaltung  |d München : Beck, 2001  |g (2001), Seite 255-267  |h XII, 1252 S.  |w (DE-627)327651415  |w (DE-576)090874277  |z 3406477550  |z 9783406477553  |7 nnam 
773 1 8 |g year:2001  |g pages:255-267 
889 |w (DE-627)626261953 
935 |a KALD 
935 |i mdedup 
951 |a AR 
CAN |a 1 
ELC |b 1 
ITA |a 1  |t 1 
LOK |0 000 xxxxxcx a22 zn 4500 
LOK |0 001 2864257564 
LOK |0 003 DE-627 
LOK |0 004 1161641904 
LOK |0 005 20151008085803 
LOK |0 008 151008||||||||||||||||ger||||||| 
LOK |0 040   |a DE-21  |c DE-627  |d DE-21 
LOK |0 852   |a DE-21 
LOK |0 852 1  |c 41 A 7899  |9 00 
LOK |0 939   |a 08-10-15  |b l01 
LOK |0 000 xxxxxcx a22 zn 4500 
LOK |0 001 2396069330 
LOK |0 003 DE-627 
LOK |0 004 1161641904 
LOK |0 005 20100521163115 
LOK |0 008 010605||||||||||||||||ger||||||| 
LOK |0 040   |a DE-21-24  |c DE-627  |d DE-21-24 
LOK |0 689   |a s  |a Zustandshaftung (Eigentumsgarantie) 
LOK |0 689   |a s  |a Eigentumsgarantie (Zustandshaftung) 
LOK |0 852   |a DE-21-24 
LOK |0 852 1  |c In: Oe A,IVc,310  |m p  |9 00 
LOK |0 935   |a uwfe 
LOK |0 936ln  |a In: Oe A,IVc, 
LOK |0 938   |k p 
LOK |0 939   |a 05-06-01  |b l01 
LOK |0 000 xxxxxcx a22 zn 4500 
LOK |0 001 3059111499 
LOK |0 003 DE-627 
LOK |0 004 1161641904 
LOK |0 005 20190723153530 
LOK |0 008 190311||||||||||||||||ger||||||| 
LOK |0 035   |a (DE-Tue135-1)130091 
LOK |0 040   |a DE-Tue135-1  |c DE-627  |d DE-Tue135-1 
LOK |0 852   |a DE-Tue135-1 
LOK |0 852 1  |c FTHKR050293/PRHJ  |m p  |9 00 
LOK |0 852 2  |b KR 01.100  |9 00 
LOK |0 935   |a iFSA 
LOK |0 936ln  |0 1442053798  |a XA 
LOK |0 936ln  |0 1442044721  |a KBB 
LOK |0 938   |k p 
LOK |0 939   |a 11-03-19  |b l01 
ORI |a SA-MARC-ixtheoa001.raw 
REL |a 1 
STA 0 0 |a Deutschland (boat, 1866-1875),Germany,Germany,Germany,Germany,German Federal Republic (motif),Germany,Germany,Germany,Germany,Germany,Germany,Federal Republic of Germany,Germany,German Democratic Republic,Germany,Germany,Germany,Soviet Occupation Zone,French Occupation Zone,Premises liability,Property guarantee,Property,Right of property 
STB 0 0 |a Deutschland (bateau, 1866-1875),Allemagne,Allemagne,République fédérale d'Allemagne (motif),Garantie de la propriété,Propriété 
STC 0 0 |a Alemania,Alemania,Garantía de la propiedad,Propiedad 
STD 0 0 |a Garanzia della proprietà privata,Germania,Germania,Proprietà privata 
STE 0 0 |a 德国,德国,财产,所有物 
STF 0 0 |a 德國,德國,財產,所有物 
STG 0 0 |a Alemanha,Alemanha,Garantia da propriedade,Propriedade 
STH 0 0 |a Гарантия собственности,Германия (ГДР, мотив),Германия (мотив),Собственность 
STI 0 0 |a Γερμανία (ΛΔΓ, μοτίβο),Γερμανία (μοτίβο),Εγγύηση της ιδιοκτησίας,Ιδιοκτησία 
SUB |a CAN  |a REL 
SYE 0 0 |a Eigentumsrecht 
SYF 0 0 |a DDR,Deutsche Demokratische Republik,Germany,Amerikanische Zone Deutschlands,BRD,Britische Zone Deutschlands,Bundesrepublik Deutschland,Französische Zone Deutschlands,Vereinigtes Wirtschaftsgebiet Deutschlands,BRD,Bundesrepublik Deutschland , Vereinigtes Wirtschaftsgebiet,Bizone,Verwaltung des Vereinigten Wirtschaftsgebietes,Französische Zone,Zone Française d'Occupation,Französische Besatzungszone,ZFO,Britische Zone,British occupation zone,Britische Besatzungszone,British Zone of Control,Britisches Kontrollgebiet,British Element,Britisches Element,Sowjetische Zone,Russische Zone,Sowjetische Besatzungszone,Russische Besatzungszone,Sowjetische Besatzungszone Deutschlands,Sowjetische Besatzungszone in Deutschland,Sowjetisch Besetzte Zone,Sowjetzone,Ostzone,SBZ,Länder,Westliche Bundesländer,Alte Bundesländer,Deutschland,Westdeutschland,Deutschland,Westzonen,Westliche Besatzungszonen,Trizone,Amerikanische Zone,American occupation zone,Amerikanische Besatzungszone,ABZ,United States Area of Control,Amerikanisches Kontrollgebiet,U.S. zone of occupation,United States Zone,U.S. Zone,US-Zone,Östliche Bundesländer,Neue Bundesländer,Länder,Deutschland,Ostdeutschland,Deutschland,Deutschland,Deutsche Demokratische Republik,DDR,Deutschland,German Democratic Republic,GDR,République Démocratique Allemande,RDA,Germanskaja Demokratičeskaja Respublika,Demokratičeskaja Respublika,Democratic Republic,Demokratische Republik,Niemiecka Republika Demokratyczna,NRD,Ǧumhūrīyat Almāniyā ad-Dīmuqrāṭīya,República Democrática Alemana,Saksan Demokraattisen Tasavallan,Repubblica Democratica Tedesca,Mitteldeutschland,Ostdeutschland,East Germany,Ostzone,Alemanha,Alemania,Allemagne,Almanija,Almāniyā,Bondsrepubliek Duitsland,BRD,BRD,Bundesrepublik Deutschland,Deutschland,Deutschland,Federal Republic of Germany,Förbundsrepubliken Tyskland,Förbundsrepublikken Tyskland,FRG,Germany,Németországi Szövetségi Kőztársaság,Niemiecka Republika Federalna Niemiecka Republika Federalna,NRF,Repubblica Federale di Germania,Republic of Germany,República Federal da Alemanha,República Federal de Alemania,Republik Federasi Djerman,Republika Federalna Niemiec,République Fédérale d'Allemagne,RFN,Saksan Liittotasavalta,Westdeutschland,Deutsche Länder,Germany,Heiliges Römisches Reich,Rheinbund,Deutscher Bund,Norddeutscher Bund,Deutsches Reich,Deutschland,Deutschland,BRD,Federal Republic of Germany,Republic of Germany,Allemagne,Ǧumhūrīyat Almāniyā al-Ittiḥādīya,Bundesrepublik Deutschland,BRD,Niemcy,République Fédérale d'Allemagne,Repubblica Federale di Germania,Germanija,Federativnaja Respublika Germanija,FRG,Deyizhi-Lianbang-Gongheguo 
SYG 0 0 |a DDR,Deutsche Demokratische Republik,Germany,Amerikanische Zone Deutschlands,BRD,Britische Zone Deutschlands,Bundesrepublik Deutschland,Französische Zone Deutschlands,Vereinigtes Wirtschaftsgebiet Deutschlands,BRD,Bundesrepublik Deutschland , Vereinigtes Wirtschaftsgebiet,Bizone,Verwaltung des Vereinigten Wirtschaftsgebietes,Französische Zone,Zone Française d'Occupation,Französische Besatzungszone,ZFO,Britische Zone,British occupation zone,Britische Besatzungszone,British Zone of Control,Britisches Kontrollgebiet,British Element,Britisches Element,Sowjetische Zone,Russische Zone,Sowjetische Besatzungszone,Russische Besatzungszone,Sowjetische Besatzungszone Deutschlands,Sowjetische Besatzungszone in Deutschland,Sowjetisch Besetzte Zone,Sowjetzone,Ostzone,SBZ,Länder,Westliche Bundesländer,Alte Bundesländer,Deutschland,Westdeutschland,Deutschland,Westzonen,Westliche Besatzungszonen,Trizone,Amerikanische Zone,American occupation zone,Amerikanische Besatzungszone,ABZ,United States Area of Control,Amerikanisches Kontrollgebiet,U.S. zone of occupation,United States Zone,U.S. Zone,US-Zone,Östliche Bundesländer,Neue Bundesländer,Länder,Deutschland,Ostdeutschland,Deutschland,Deutschland,Deutsche Demokratische Republik,DDR,Deutschland,German Democratic Republic,GDR,République Démocratique Allemande,RDA,Germanskaja Demokratičeskaja Respublika,Demokratičeskaja Respublika,Democratic Republic,Demokratische Republik,Niemiecka Republika Demokratyczna,NRD,Ǧumhūrīyat Almāniyā ad-Dīmuqrāṭīya,República Democrática Alemana,Saksan Demokraattisen Tasavallan,Repubblica Democratica Tedesca,Mitteldeutschland,Ostdeutschland,East Germany,Ostzone,Alemanha,Alemania,Allemagne,Almanija,Almāniyā,Bondsrepubliek Duitsland,BRD,BRD,Bundesrepublik Deutschland,Deutschland,Deutschland,Federal Republic of Germany,Förbundsrepubliken Tyskland,Förbundsrepublikken Tyskland,FRG,Germany,Németországi Szövetségi Kőztársaság,Niemiecka Republika Federalna Niemiecka Republika Federalna,NRF,Repubblica Federale di Germania,Republic of Germany,República Federal da Alemanha,República Federal de Alemania,Republik Federasi Djerman,Republika Federalna Niemiec,République Fédérale d'Allemagne,RFN,Saksan Liittotasavalta,Westdeutschland,Deutsche Länder,Germany,Heiliges Römisches Reich,Rheinbund,Deutscher Bund,Norddeutscher Bund,Deutsches Reich,Deutschland,Deutschland,BRD,Federal Republic of Germany,Republic of Germany,Allemagne,Ǧumhūrīyat Almāniyā al-Ittiḥādīya,Bundesrepublik Deutschland,BRD,Niemcy,République Fédérale d'Allemagne,Repubblica Federale di Germania,Germanija,Federativnaja Respublika Germanija,FRG,Deyizhi-Lianbang-Gongheguo , Zustandsverantwortlichkeit , Eigentumsfreiheit,Eigentumsgrundrecht 
TIM |a 100019901003_100020261231  |b 1990-10-03 - 2026